The Simpsons-Character Quiz Level 22 - Statistics

General Stats
  • This quiz has been taken 11 times
    9 since last reset
  • The average score is 5 of 16
Answer Stats
Picture Answer % Correct
Angry Dad
100%
Frank Grimes, Jr.
80%
The Raven
80%
Bort
60%
Danger Dog
60%
Airshot
20%
Chinnos
20%
Ramrod
20%
Ymir
20%
Erik
0%
Gareth Prince
0%
Meathook
0%
Miss Goodthighs
0%
Mr. James Bont
0%
Nigel
0%
Tammy
0%
No matching quizzes found
Score Distribution
Percent of People with Each Score
Percentile by Number Answered
Your Score History
You have not taken this quiz since the last reset